• 首页
  • 本馆介绍
  • 公告通知
  • 最新文献
  • 馆藏检索
  • 电子资源
  • 读者导购
  • 参考咨询
  • 我的图书馆
  • 登录
  • 详细信息显示
  • 放入我的书架
  • 预约/预借图书
  • 作者相关作品
  • 分类相关作品
  • 丛书相关作品
  • 出版社相关作品

书目信息

  • 表格格式
  • 工作单格式
  • 卡片格式
题名:
从拖延到自律
    
 
作者: 舒娅 著
分册:  
出版信息: 北京   中国纺织出版社有限公司  2019
页数: 198页
开本: 21cm
丛书名:
单 册:
中图分类: C936-49
科图分类:
主题词: 自律--通俗读物
电子资源:
ISBN: 978-7-5180-6472-4
000 00751nam0 2200229 450
001 0104913800
005 20200513133547.0
010    @a978-7-5180-6472-4@dCNY42.80
100    @a20190930d2019 em y0chiy0120 ea
101 0  @achi
102    @aCN@b110000
105    @ay z 000yy
106    @ar
200 1  @a从拖延到自律@9Cong Tuo Yan Dao Zi Lu^ @e超级自控力训练计划@f舒娅著@b专著
210    @a北京@c中国纺织出版社有限公司@d2019
215    @a198页@d21cm
330    @a本书从环境、目标、行动、时间、思维等几个方面为读者提供了丰富且有针对性的解决策略和训练方案,帮助读者养成自律习惯,终结拖延。
606 0  @a自律@j通俗读物
690    @aC936-49@v5
701  0 @a舒娅@4著@9shu ya
801  0 @aCN@bAZmarc@c20230906
905    @aBZT@dC936@e101@f1@sC936/101
    
    从拖延到自律:超级自控力训练计划/舒娅著.-北京:中国纺织出版社有限公司,2019
    198页;21cm
    
    
    ISBN 978-7-5180-6472-4:CNY42.80
    本书从环境、目标、行动、时间、思维等几个方面为读者提供了丰富且有针对性的解决策略和训练方案,帮助读者养成自律习惯,终结拖延。
●
相关链接 在五车中查询图书 在当当中查询图书 在豆瓣中查询图书


正题名:从拖延到自律     索取号:C936/101         预约/预借

序号 登录号 条形码 馆藏地/架位号 状态 备注
1 2000154916   2000154916   旧书回溯/ [索取号:C936/101] 在馆    
山东省滨州职业学院图书馆 欢迎您!
大连网信软件有限公司© 版权所有